Tragedias / (Registro nro. 7235)

Detalles MARC
000 -LEADER
fixed length control field 00951nam a22002537a 4500
003 - CONTROL NUMBER IDENTIFIER
control field OSt
005 - DATE AND TIME OF LATEST TRANSACTION
control field 20210218120206.0
008 - FIXED-LENGTH DATA ELEMENTS--GENERAL INFORMATION
fixed length control field 210218s1959 sp ||||er|||| 00| 1 spa d
040 ## - CATALOGING SOURCE
Original cataloging agency CO-JMCR
Transcribing agency CO-JMCR
041 0# - LANGUAGE CODE
Language code of text/sound track or separate title spa
082 04 - DEWEY DECIMAL CLASSIFICATION NUMBER
Classification number T /
Item number ESQt
Edition number 23
100 1# - MAIN ENTRY--PERSONAL NAME
Personal name Esquilo
Relator term autor
9 (RLIN) 13626
245 10 - TITLE STATEMENT
Title Tragedias /
Statement of responsibility, etc. Esquilo
260 ## - PUBLICATION, DISTRIBUTION, ETC.
Place of publication, distribution, etc. Barcelona :
Name of publisher, distributor, etc. Editorial Iberia,
Date of publication, distribution, etc. 1959
300 ## - PHYSICAL DESCRIPTION
Extent 228 páginas ;
Dimensions 19 cm.
490 0# - SERIES STATEMENT
Series statement Obras maestras
500 ## - GENERAL NOTE
General note Incluye notas a pie de página.
505 0# - FORMATTED CONTENTS NOTE
Formatted contents note Esquilo y sus "tragedias", por Emiliano M. Aguilera -- Prometeo encadenado -- Las suplicantes -- Agamenón -- Las Coéforas -- Las Euménides -- Los Persas -- Los siete contra Tebas
650 14 - SUBJECT ADDED ENTRY--TOPICAL TERM
Topical term or geographic name entry element Teatro griego
Chronological subdivision Siglos iv-v a.c.
9 (RLIN) 13627
650 14 - SUBJECT ADDED ENTRY--TOPICAL TERM
Topical term or geographic name entry element Tragedia griega
Chronological subdivision Siglos iv-v a.c.
9 (RLIN) 13628
650 14 - SUBJECT ADDED ENTRY--TOPICAL TERM
Topical term or geographic name entry element Literatura griega
Chronological subdivision Siglos iv-v a.c.
9 (RLIN) 13629
650 14 - SUBJECT ADDED ENTRY--TOPICAL TERM
Topical term or geographic name entry element Teatro histórico griego
Chronological subdivision Siglos iv-v a.c.
9 (RLIN) 13630
942 ## - ADDED ENTRY ELEMENTS (KOHA)
Source of classification or shelving scheme Dewey Decimal Classification
Koha item type Books
Existencias
Withdrawn status Lost status Source of classification or shelving scheme Damaged status Not for loan Collection code Home library Current library Date acquired Source of acquisition Total Checkouts Full call number Barcode Date last seen Date last checked out Copy number Koha item type
    Dewey Decimal Classification     Fiction Biblioteca Pública José María del Castillo y Rada Biblioteca Pública José María del Castillo y Rada 10/02/2020 Donación 1 T / ESQt 201810286 06/13/2023 06/09/2023 Ej.1 Books